Normal view
MARC view
- Albiso, Stephen R.
Entry Personal Name
001 - CONTROL NUMBER
- control field: 20469
003 - CONTROL NUMBER IDENTIFIER
- control field: OSt
005 - DATE AND TIME OF LATEST TRANSACTION
- control field: 20170427101955.0
008 - FIXED-LENGTH DATA ELEMENTS
- fixed length control field: 170427|| aca||aabn | a|a d
040 ## - CATALOGING SOURCE
- Original cataloging agency: OSt
100 ## - HEADING--PERSONAL NAME
- Personal name: Albiso, Stephen R.
